000 00842nam a2200193 i 4500
001 186604
003 ES-MaACL
005 20230906222714.0
008 161205n2010 sp |||| | spa d
080 _a821.134.2-32"19"(082.2)
245 0 0 _aEn una ciudad lineal_
_b: (relatos cortos) /
_cDelia Almira, Mª Isabel Asensio, Natalia Benítez ... [et al.] ; del taller literario "Sambara", dirigido por Luis Hernández Castellanos.
246 3 4 _aEn una ciudad lineal... (24 relatos cortos)
260 _a[Madrid :
_bTaller literario "Sambara",
_cca. 2010]
300 _a144 p. ;
_c21 cm.
594 _aTomado de contracub.: Reúne 24 relatos de 7 autores, en el taller literario "Sambara", de Ciudad Lineal (Madrid)
650 4 _aCuentos españoles-
_yS.XX.
_911487
700 1 _aCastellanos, Luis H.
_936531
852 _aES-MaACL
_jL-30988
999 _c186604
_d186604